La sociedad unipersonal de responsabilidad limitada

Збережено в:
Бібліографічні деталі
Автор: Boquera Matarredona, Josefina (Автор)
Формат: Книга
Мова:Іспанська
Опубліковано: Madrid Civitas 1996
Серія:Estudios de Derecho Mercantil, 24
Предмети:
Теги: Додати тег
Немає тегів, Будьте першим, хто поставить тег для цього запису!

MARC

LEADER 00000nam a2200000 a 4500
001 UCS6188
003 CL-VaPUC
008 970912e19960000SP |||||||||||||||||spa|d
082 0 4 |a 346.066  |b BOQ  |2 21 
100 0 |a Boquera Matarredona, Josefina  |e author  |9 391707 
245 1 3 |a La sociedad unipersonal de responsabilidad limitada 
300 |a 270 p 
942 |c BK 
945 |d 19970912 00:00:00  |a jquezada 
260 |a Madrid  |b Civitas  |c 1996 
650 7 |a SOCIEDADES DE RESPONSABILIDAD LIMITADA  |2 CL-VaPUC  |9 330760 
650 0 |a Administración de empresas   |9 260833 
650 7 |a COMUNIDAD ECONOMICA EUROPEA  |2 CL-VaPUC  |9 257970 
583 |a last modification  |c 19970912 00:00:00  |k Rodrigo Vera 
490 0 |a Estudios de Derecho Mercantil, 24 
999 |c 262140  |d 262138 
952 |0 0  |1 0  |4 0  |6 346_066000000000000_BOQ_1996  |7 0  |8 A  |9 290348  |a BIBDER  |b BIBDER  |d 2019-11-19  |i 3350355  |o 346.066 BOQ 1996  |p 3350355  |r 2023-01-25  |w 2019-11-19  |y BK  |k DER